000 00445nam a2200181Ia 4500
005 20250603144910.0
008 250603s9999 xx 000 0 und d
020 _a9781774911600
050 _aTP 248.65 .E59 .G69/
100 _aGoyal, Megh R
245 0 _aEnzyme Inactivation in food processing
260 _aBurlington
260 _bCPC Press
260 _c2023
300 _axxxiii, 532p.: ill.
650 _aBurlington
942 _cBK
999 _c40278
_d40278